000 00516nam a2200181Ia 4500
005 20250923145905.0
008 008 250917s9999 xx 000 0 eng d
037 _aTextual
040 _aDSWL
_beng
_cDSWL
041 _aeng
_2eng
084 _aYX;f, N91
_qDSWL
100 _aGibbs, Leonard
_9839993
245 0 _aScientific reasoning for social workers
_c by Leonard Gibbs
260 _aNew york
_b Macmillan
_c1991
300 _axiv,290p.
942 _cTEXL
_hYX;f, N91
999 _c1456990
_d1456990